000 00363cam a22001217a 4500
008 180718b1953 xxu||||| |||| 00| 0 eng d
082 _aA81x54 In2/51/53/5
100 _aCensus of India 1951
245 _aIndia: maternity data
260 _aDelhi
_bThe Manager of Publications
_c1953
300 _a95+p.
440 _aCensus of India 1951. India. Paper No. 5 of 1953
999 _c483575
_d483575